Arctic home in the vedas / (Record no. 37716)

MARC details
000 -LEADER
fixed length control field 00945nam a22002297a 4500
005 - DATE AND TIME OF LATEST TRANSACTION
control field 20100726135359.0
010 ## - LCCN (DPL NO)
LC control number ENG-97101
020 ## - INTERNATIONAL STANDARD BOOK NUMBER
Terms of availability 600.00
International Standard Book Number 9788190693295
035 ## - SYSTEM CONTROL NUMBER
System control number EN-80634
035 ## - SYSTEM CONTROL NUMBER
System control number G-001646
037 ## - SOURCE OF ACQUISITION
Source of stock number/acquisition DBAD/PUB
082 ## - DEWEY DECIMAL CLASSIFICATION NUMBER
Classification number 294.592146
100 ## - MAIN ENTRY--PERSONAL NAME
Personal name Tilak,Lokmannya Bal Gangadhar
245 ## - TITLE STATEMENT
Title Arctic home in the vedas /
Statement of responsibility, etc by Lokmannya Bal Gangadhar Tilak
260 ## - PUBLICATION, DISTRIBUTION, ETC. (IMPRINT)
Place of publication, distribution, etc New Delhi
Name of publisher, distributor, etc Akash Ganga Prakashan
Date of publication, distribution, etc 2009
270 ## - ADDRESS
Address 4760-61,23,Ansari road,Daryaganj
City Delhi
300 ## - PHYSICAL DESCRIPTION
Extent 184p.
Dimensions 23cm (Hb)
700 ## - ADDED ENTRY--PERSONAL NAME
9 (RLIN) 1414
942 ## - ADDED ENTRY ELEMENTS (KOHA)
Source of classification or shelving scheme Dewey Decimal Classification
Item type English Books
Classification part 294.592146
Call number suffix TIL
Holdings
Withdrawn status Lost status Not for loan Collection code Home library Current library Date acquired Source of acquisition Cost, normal purchase price Full call number Barcode Copy number Cost, replacement price Koha item type
    Not For Loan Non-fiction D.B.Act.Division D.B.Act.Division 26/07/2010 DBAD/PUB 300.00 294.592146 TIL EN-80634 1 300.00 English Books
      Non-fiction Janak Puri Janak Puri 28/09/2011 gift 300.00 294.592146 TIL G-001646 1 300.00 English Books

© Delhi Public Library
Hit Counter
free hit counter